[Event "Linares"]
[Site "4"]
[Date "1983.??.??"]
[Round "2"]
[White "Andersson, Ulf"]
[Black "Seirawan, Yasser"]
[Result "1-0"]
[WhiteElo "2635"]
[BlackElo "2600"]
[EventDate "1983.??.??"]
[Annotator "JvR"]
[PlyCount "81"]

{The miracle of snowfall had occurred in Andalusia before the tournament 
started and Hotel Cervantes had no heating. So the playing hall and rooms 
were cold. The fourth 'Torneo Internacional Ciudad de Linares' took place 
from 11 until 25 ii 1983. Christiansen had not been invited. Ljubojevic 
withdrew because Geller participated instead of Tal. The wins by the top 
three have been analysed.Spassky played a very economic tournament and won
$6000. He scored three wins and seven short draws. Karpov and Andersson 
nearly had the same result. Boris started the tournament with his usual 
'end of the winter' influenza and infected other players. Tolya hated him 
for it. Soon Spassky lost his Soviet stipend.} 
1. Nf3 c5 2. c4 Nc6 3. g3 g6 4. Bg2 Bg7 5. Nc3 D {Je velmi tezke pro 
bileho ziskat vyhodu ze zahajeni zde jelikoz cerny kontroluje dulezite 
pole d4 a tudiz bily neni v pozici schopen otevrit vyhodne pro neho. Cerny
ma hodne dobrych planu vyrovnat, jakoz je napriklad Nh6-f5 nebo ...e6 , 
... Nge7 s dalsim ... d5. Jedina nevyhoda cerneho dalsiho tahu je ze 
oslabuje pole d5, coz je velmi tezke pro bileho vyuzit. } 5. ... e5 6. O-O
d6 7. a3 {Typicky plan je ziskat iniciativu na damskem kridle s Rb1 a 
b2-b4 a vytvorit tlak po b - sloupci. Pesec b7 by mohl se stat pozdeji 
cilem, zvlaste s uvazovanim ucinnosti strelce na g2. } 7. ... Nge7 8. Rb1 
a5 {Tento obranny tah ma jak vyhody tak nevyhody: rozhodne brani postupu 
b2-b4, ale oslabuje pole b5 } 9. d3 O-O D 10. Bg5 {V tu dobu tento tah 
byla nova idea. BIly by rad vymenil sveho cernopolneho strelce za jezdce 
na e7. Po ... Nxe7 bily by mohl hrat b2-b4 a po ... Qxe7 bily by mel k 
dispozici manevr jezdce Ne1-c2-e3, obsazujici pole d5. Jestli cerny mel 
hrat ... f5-f4, bily muze vstoupit Ne1-c2 s dalsim b2-b4 se silnym tlakem 
proti damskemu kridlu. Z tohoto duvodu cerneho odpoved je vynucena. } 
10. ... f6 11. Be3 {Toto dela postup d6-d5 obtiznejsi, protoze pesec c5 by
visel. } 11. ... Be6 12. Ne1 Qd7 13. Nc2 a4 14. b3 axb3 15. Rxb3 Rfb8 16. 
Qb1 {Bily dosahl minimalni vyhodu diky obsazeni sloupce b, jelikoz jeho 
slaby pesec a je spolehlive chranen a cerny je jeste zamestnan dirou na 
d5. } 16. ... Ra6 17. Rb6 Qc7 18. Rb2 b6 19. Bd2 {Toto dela mozne budouci 
Ne3-d5 } 19. ... Qd8 20. a4! {Tento tah muze byt velmi zavazny jelikoz 
oslabuje pole b4, ale Andersson mel jiste jiste v planu v tomto okamziku 
nasledujici obet kvality. } 20. ... f5 21. Ne3 Nb4!? D 22. Rxb4!? {White 
makes a valiant sacrifice. BIly statecne obetuje - Zbaveni se jezdce, bily
dosahne trvalou kontrolu mimoradne duleziteho pole d5 a jak ho obsadi, 
muze vyvinout tlak proti b6. Dalsi vyhoda pro bileho je ze cerne veze jsou
velmi omezeny v rozsahu a take pro pescovou strukturu strelec g7 muze byt 
dan do hry pomoci obeti pesce ... e4. } 22. ... cxb4 23. Qxb4 {Andersson 
exerts pressure on weak pawns.} 23. ... Qd7 24. Rb1 Rd8 ( 24. ... Bh6 25. 
Ned5 Nxd5 26. Nxd5 Bxd5 27. Bxd5+ Kg7 28. Bc3 Rxa4 29. Qb2 Kh8 30. Bxe5+ 
Bg7 31. Bf6 {Bily ma pesce za kvalitu, lepsi pescovou strukturu a 
iniciativu - jinymi slovy dostatecnou kompenzaci. } ) 25. Qb3 Kh8?! D {
Jake preskupeni dovoli bilemu zesilit pozici? } 26. Nc2! {Bily presune 
jezdce na b4, kde odezene vez na a6 a dale kontroluje pole d5 a c6. Navic 
brani mozne uvolnovaci tah 26...Bh6. Jemny pozicni manevr!} 26. ... h6 27.
 Nb4 Ra5 28. h4 {Toto profylakticky brani protiuder ... g5 s protihrou na 
kralovskem kridle. } 28. ... f4 {Pod dojmem bileho vynikajici pozicni hry,
cerny nyni se pokusi pouzit pacidlo na kral. kridle, ale dale osalbuje 
pole e4 a vylouci strelce g7 z budouci ucasti na hre. } 29. Kh2 {
Profylakticky tah ktery prekryva g3 a brani ... Bh3. } 29. ... Kh7?! {
Seirawan loses a second tempo.} ( 29. ... Rf8 30. Nbd5 Nxd5 31. cxd5 Bg4 
32. Qxb6 Rc5 33. Ne4 Rxd5 34. Bb4 += {Bily ziska pesce d6 a ma lepsi sance
kvuli volnemu pesci a. } ) 30. Nbd5 Nxd5 31. cxd5 Bf5 32. Qxb6 Rc5?! ( 
32. ... Rda8 {is more useful.} ) 33. a5 Rdc8 34. Rb3 fxg3+ 35. fxg3 e4? {
Cerny chce osvobodit strelce g7 silou, ale nezlepsi svou pozici. } ( {
Black should play} 35. ... Ra8 {and suffer.} ) ( 35. ... Bf6 36. Ra3 Bd8 
37. Qb4 Qc7 38. Be3 Rxc3 ( 38. ... Rxa5 39. Nb5 Rxb5 +/- ) 39. Bb6 +/- ) 
36. Nxe4 Rc2 37. Qe3 Qa4? {zanedbani 7 rady, coz povede ke kolapsu. } ( {
Correct is} 37. ... Ra2 38. h5 g5 39. Bc3 +/- ) 38. Rb7! R8c7 39. Rxc7 
Rxc7 40. Nxd6 Rc2 41. Nxf5 ( 41. Nxf5 gxf5 42. Bh3 Qd7 43. a6 Qxd5 44. a7 
Ra2 45. Bg2 +- ) 1-0

[Event "Szirak Interzonal"]
[Site "Szirak"]
[Date "1987.??.??"]
[Round "11"]
[White "Andersson, Ulf"]
[Black "Adorjan, Andras"]
[Result "1-0"]
[WhiteElo "2600"]
[BlackElo "2540"]
[EventDate "1987.07.??"]
[Annotator "Ftacnik"]
[Source "ChessBase"]
[SourceDate "2004.01.01"]
[EventType "tourn"]
[EventRounds "17"]
[EventCountry "HUN"]
[EventCategory "12"]

1. Nf3 c5 2. c4 Nf6 3. g3 b6 4. Bg2 Bb7 5. O-O g6 6. b3 Bg7 7. Bb2 O-O 8. 
Nc3 d6 9. e3 Nbd7 10. Qe2 a6 11. Rfd1 e6 12. d4 cxd4 13. Rxd4 d5 14. Rad1 
Qb8? ( 14. ... Qc7 15. cxd5 Nxd5 16. Nxd5 Bxd5 17. Rh4!? Bxb2 18. Qxb2 
Bxf3 19. Bxf3 Rad8 += ) 15. cxd5 Nxd5 16. Nxd5 Bxd5 17. e4! {Brilantni 
dlouhodoba obet kvality. Jakmile cerny se vzda cernopolneho strelce, 
utocne sance se objevi u bileho. Toto je typ obeti kvality ktery vyzaduje 
velky cit pro pozici. Bily ziskava trvalou iniciativu. Pokuste se 
analyzovat dalsi moznosti, jak pro utok tak pro obranu.} 17. ... Bxd4 ( 
17. ... Bc6 18. Rxd7 Bxb2 19. Qxb2 Bxd7 20. Rxd7 Ra7 21. Ne5 +- ) 18. Rxd4
Bc6 19. Qd2! {Bily ziskava d- sloupec a pole d6 a diva se po polich c3 a 
h6} 19. ... Qb7 ( 19. ... Rd8 20. Rd6! ( 20. Qc3 e5 21. Rxd7 Rxd7 22. Nxe5
Rd1+ 23. Bf1 +- ) 20. ... Qb7 21. Qc3 +- ) ( 19. ... Nc5 20. Qc3 e5 21. 
Rd2 f6 22. b4 Nxe4 23. Qxc6 Nxd2 24. Nxd2 Ra7 25. f4 += {a potom Ne4} ) 
20. Rd6 e5 ( 20. ... Rac8 21. Qh6 f6 22. Bh3 Nc5 23. b4 +/- Nxe4 24. Bxe6+
Kh8 ( 24. ... Rf7 25. Ne5!! {fantasticky tah premenujici utok bileho ve 
vyhru.} 25. ... Nxd6 26. Ng4! Qe7 ( 26. ... Ne4 27. Nxf6+ Nxf6 28. Bxf6 +-
) 27. Nxf6+ Qxf6 28. Bxf6 Nf5 29. Qf4 +- ) 25. Ne5! +- ) ( 20. ... Nc5 21.
 Ne5 Nxe4 ( 21. ... Bxe4 22. Ng4 f6 23. Bxf6 +- ) 22. Bxe4 Bxe4 23. Rd7 
Qc8 24. Ng4 +- ) 21. Qc3 f6 ( 21. ... Rac8 22. Nxe5 Nxe5 23. Qxe5 f6 24. 
Rxf6 Rxf6 25. Qxf6 +- ) 22. Qc4+ Kg7 23. Qxc6 +/- Qxc6 24. Rxc6 Rac8 25. 
Rd6! {Po vymene vezi cerny by jeste mel protihru. Nyni vsak bily udrzi 
aktivni vez na d6 coz zjednodusuje proces premeny vyhody ve vitezstvi.} 
25. ... Nc5 26. Ne1! {profylakticky tah jezdce: tah jezdce omezuje na 
pouhe minimum moznosti soupere, jelikoz pole c2 a pesec e4 je nyni 
chranen.} ( 26. Rxb6 Rfd8 27. h3 Rd1+ 28. Kh2 Nd3 {je slabsi.} ) 26. ... 
Rfd8 27. Rd5! {Bily blokuje pole d5 a po vymene ziska volneho pesce.} 
27. ... a5 28. Kf1 a4 29. b4 Rxd5 ( 29. ... Nb7 30. Ke2 Nd6 31. f4 Nc4 32.
 Rxd8 Rxd8 33. Bc3 +- {a potom Nd3} ) 30. exd5 Nb7 31. Ke2 Nd6 32. Kd1 Kf7
( 32. ... Nc4 33. Ba1 ) ( 32. ... a3?! 33. Bxa3 Ra8 34. Nc2 Nb5 35. d6 Rd8
36. Bb2 Rxd6+ 37. Kc1 +- ) 33. Nc2 Ke7 34. Na3 h5 35. h4 Rg8 36. Bc1! {/\ 
Be3} 36. ... g5 ( 36. ... Rb8 37. f4 e4 38. Be3 Kd7 39. Bh3+ f5 40. Bf1 +-
) 37. hxg5 fxg5 38. Be3 h4 39. Bxb6 Rh8 40. Bc5 hxg3 41. Nc4 Rh2 42. Bxd6+
{cerny vzdal} 42. ... Kd8 43. Bxe5 Rxg2 44. Bxg3 Rg1+ 45. Kc2 +- 1-0

[Event "World Cup"]
[Site "Skelleftea SWE"]
[Date "1989.08.??"]
[Round "10"]
[White "Andersson, Ulf"]
[Black "Vaganian, Rafael A"]
[Result "1-0"]
[WhiteElo "2635"]
[BlackElo "2585"]
[EventDate "1989.08.??"]
[PlyCount "80"]
[EventType "tourn"]
[EventRounds "15"]
[EventCountry "SWE"]
[EventCategory "16"]
[Source "ChessBase"]
[SourceDate "1990.02.01"]
[WhiteTeamCountry "HUN"]
[BlackTeamCountry "ISL"]

1. Nf3 Nf6 2. c4 g6 3. Nc3 Bg7 4. e4 d6 5. d4 O-O 6. Be2 Bg4 {Toto je 
podvarianta v klasicke kralovske indicke. Hlavni idea teto varianty je 
utocit na bile centrum pomoci vymeny lehkych figur na f3 a potom ... Nfd7 
a ... c5, aby kontroloval cerna pole, zvlaste pole d4. Nevyhoda je ze 
obvykla protihra na kral. kridle pomoci ... f5 neni vice tak ucinne kdyz 
byl strelec vymeneny. } 7. Be3 Nfd7 8. Rc1 c5 9. d5 Na6 10. O-O Nc7 11. h3
Bxf3 12. Bxf3 Qb8 {V nedavne partii v teto variante } ( 12. ... a6 13. a4 
Qb8 14. Be2 e6 15. Qd2 exd5 16. exd5 += {Timoschenko - Mrdja, Lido Estensi
2002. Zde take bily ma vyhodu v prostoru, dvojice strelcu a tudiz jasnou 
vyhodu. } ) 13. Be2 e5 14. dxe6 Nxe6 D {Zrejme cerny chce usadit figuru na
d4. Co je nejucinesi zpusob pro bileho zabranit tomuto planu?} 15. Rc2! {
Toto je jedina moznost kontrolovat sloupec d a tudiz vitalni pole d4. Bily
musel vzit v uvahu zde budouci obet kvality na d4  } 15. ... a6 16. Rd2 
Nd4 17. Bxd4 cxd4 18. Rxd4 Bxd4 19. Qxd4 +/- {Pozicni opravneni pro tuto 
obet kvality lezi v kontrole centra, lepsi pescove strukture (zpozdeny 
pesec d) a nakonec oslabena pozice krale. Velmi zajimavy boj. Bily musi 
hrat velmi presne aby vyuzil svou vyhodu. } 19. ... Qa7 ( 19. ... Re8 20. 
Rd1 Ne5 21. Nd5 +/- {nikoli ale: } ( 21. Qxd6 Qxd6 22. Rxd6 Rac8 23. b3 
Rc6 24. Rd4 b5 ~ ) ) 20. Qxd6 Rad8 21. Nd5 Kg7 ( 21. ... Qc5 {nabizi lepsi
obranne moznosti, ale vede k trvale vyhode bileho: } 22. e5 Kh8 23. Qxc5 
Nxc5 24. Rd1 Rd7 25. f4 Rfd8 26. Kf2 h5 27. g3 a5 28. Ke3 +/- ) 22. Rd1 
Qc5 D {Zde bily si rikal o vyber. Muze zjednodusit do vyhodne koncovky 
nebo... co je alternativa? } 23. Qg3! {Misto vymeny dam a hrani lepsi 
koncovky,.  Bily preferuje zachovat damy a vytvorit hrozby proti krali. 
Idea je Qc3 s dalsim b2-b4 s velkou pozicni vyhodou. Obvykle Andersson 
neodmita prechod do lepsi koncovky, ale v tomto pripade zvolil dynamicke 
moznosti. } ( 23. Qxc5 Nxc5 24. e5 Rfe8 25. f4 +/- ) 23. ... a5 24. Qc3+ 
f6 25. Nf4 Qe7 ( 25. ... Rfe8 26. Bg4 +- ) 26. Qxa5 Qxe4 27. Rd4! D {
Pointa za bileho vymenami. Tak bylo mozne okamzite } ( 27. Qc7 +/- ) 
27. ... Qe7 28. Qc7 Kh8 29. Bf1 ( 29. Qxb7 {je dokonce silnejsi. protoze }
29. ... g5 30. Re4 ) 29. ... Qe5 {Toto dovoluje nucene vymeny do vyhrane 
pozice bileho. Cerny mohl klast houzevnatejsi odpor tahem } ( 29. ... g5 
30. Ne2 b6 31. Nc3 Qe8 32. Nb5 +/- ) 30. Rxd7 Rxd7 31. Qxd7 Qxf4 32. Qxb7 
Rb8 33. Qf7 Qd6 34. c5 Qf8 ( 34. ... Qxc5 35. Qxf6+ Kg8 36. b3 +- ) 35. 
Qxf8+ Rxf8 36. b4 Ra8 37. b5 Rxa2 38. Bc4 Ra1+ 39. Kh2 Kg7 40. c6 {Cerny 
vzdal jelikoz ovsem bily volny pesci nelze zastavit. } 40. ... Kh8 1-0

[Event "America-Europe"]
[Site "Mar del Plata ARG"]
[Date "1981.??.??"]
[Round "Pozicni obet damy "]
[White "Quinteros, Miguel A"]
[Black "Andersson, Ulf"]
[Result "0-1"]
[WhiteElo "2505"]
[BlackElo "2610"]
[EventDate "1981.02.??"]

1. c4 Nf6 2. Nc3 e6 3. Nf3 d5 4. d4 c6 5. Bg5 Nbd7 6. cxd5 exd5 7. e3 Be7 
8. Qc2 O-O 9. Bd3 Re8 10. O-O-O {V teto verzi vymenne varianty damskeho 
gambitu se dlouha rochada nevidi tak casto, Casteji vidime 0-0-0 ve 
spojitosti s tahem Nge2. V teto partii Andersson demostruje efektivni 
metodu proti ostre variante hrane bilymi. } 10. ... Nf8 11. h3 Be6! {
Nejlepsi misto pro belopolneho strelce. Je namireno neprimo na a2, ktere 
bude pozdeji hrat roli. Navic uvolnuje pole c8 pro vez a tak cerny muze 
vyvijet tlak na c-sloupci tahem .. c5.} 12. g4 Qa5 13. Kb1 Rac8 {zde 
okamzite 13...Ne4 byla mozna alternativa.} 14. Rc1 Ne4 15. Bxe4 dxe4 16. 
Bxe7 Rxe7 17. Nd2 Rce8 18. a3 ( 18. Ndxe4 Bxa2+ 19. Nxa2 Rxe4 20. Qc5 Qa6 
= ) 18. ... Bd5 19. g5 Qd8 20. h4 Qd6 21. Rcg1 Nd7 {cerny pripravuje. 
...f5, aby vyjasnil situaci na kralovskem kridle.} 22. Rg4 f5 23. gxf6 
Nxf6 = {Cerny dosahl pohodlne pozice. Bily nemuze ve skutecnosti utocit. }
24. Rf4 Kh8 25. h5 h6 ( {Mozny je i protiutok:} 25. ... b5 26. Rhh4 b4 27.
 Ncxe4 Rxe4 28. Nxe4 Bxe4 29. Rxe4 Rxe4 30. Rxe4 b3 ~ ) 26. Rhh4 Qe6 27. 
Ndxe4 ( 27. f3!? exf3 28. e4 Bc4 29. Rxf3 += ) 27. ... Nxe4 28. Nxe4 D {
Vzhledem k tematu kapitoly neni tezke najit dalsi tah. Pokuste se 
vysvetlit, jakou kompenzaci cerny ma za materialni vyhodu bileho po 
vymenach. } 28. ... Qxe4! ( 28. ... Bxe4? 29. Rxe4 Qxe4 30. Rxe4 Rxe4 31. 
Qc5 a6 32. Kc2 +/- {vzhledem k bilym pescum f2, e3 a d4 cerne veze , ktere
jsou casto lepsi nez dama v otevrenych pozicicich, maji malou sanci doprat
si aktivni operace proti bilemu krali v tomto pripadu. Cesta k bilemu 
krali je odriznuta. Bileho plan sestava v prevedeni krale na d3 a 
pokracovat v podminovani cernych pescu na damskem kridle pomoci b2-b4, 
a2-a4, b4-b5 a uvolneni d-pesce. Takze pozicni obet damy je lepsi moznost.
} ) 29. Rxe4 Rxe4 30. Rh3 Rxd4 31. Ka1 Be4 32. Qe2 Rd6 ~ {Bily ma 
materialni vyhodu, avsak cerny dominuje na d-sloupci, a strelec ma 
vynikajici pozici na e4. Slabina bileho krale se stava viditelnejsi. } 33.
 Rh4 Bh7 34. Rh1 Red8 35. Rg1 R8d7 {Toto prekryva g7 jako preventivni 
opatreni. } 36. e4 {Bily vychazi se svym trumfem, volnym pescem e4. } 
36. ... Bg8! {Cerny vytvari tezkou hrozbu .. Bb3, po ktere by byl bily 
kral v matove siti. } 37. e5?! ( 37. Rb1 Bb3 38. Qf3 Rd3 -+ {nen dobre. 
Nejlepsi obrana by byla vytvorit unikove pole s 37.b4 a potom vyvinout 
iniciativu Qg4 a e5: } ) ( 37. b3 Bxb3 38. e5 Rd2 39. Qg4 ~ ) 37. ... Rd2 
38. Qf3 R2d3 39. Qg4 ( 39. Qe2 Bb3 40. Rc1 Rd1 41. Kb1 R7d2 42. Qg4 Bc2+ 
-+ ) 39. ... Bb3 40. Rc1 Rd1 41. Kb1 g5! D {Jedina cesta vytvorit prostor 
pro krale, coz je pole g7.} 42. hxg6 ( {Pescove koncovky mohou byt 
zajimave, ale jsou stale remizove. Je tezke spocitat takove koncovky , 
napriklad: } 42. Qf3 Rxc1+ 43. Kxc1 Rd1+ 44. Qxd1 Bxd1 45. Kxd1 Kg7 46. 
Ke2 Kf7 47. Ke3 Ke6 48. f4 ( 48. Ke4?! a5 49. b3 ( 49. f3 a4 -+ ) 49. ... 
g4! 50. Kf4 b5 51. Kxg4 Kxe5 52. f4+ Ke4 -+ ) 48. ... gxf4+ 49. Kxf4 a5 
50. b4! ( 50. a4 b5 51. Ke4 b4 52. Kd4 b3 53. Ke4 c5 -+ ) 50. ... a4 ( 
50. ... axb4 51. axb4 b6 52. Ke4 c5 53. bxc5 bxc5 54. Kf4 c4 55. Ke4 = ) 
51. Ke4 b6 52. Kd4 = ) 42. ... Rxc1+ 43. Kxc1 Rd1+ 44. Qxd1 Bxd1 45. Kxd1 
Kg7 46. f4 Kxg6 47. e6 Kf6 48. f5 a5 49. Ke2 a4 50. Kf3 h5 51. Kg3! {
Politika cekani a divani se neni mozna: } ( 51. Kf4 b5 52. Kf3 h4 -+ {
Jedina protisance pro bileho je podpora vlasntich pescu kralem a promena 
jednoho z nich. K tomu musi prevest krale na h6} ) 51. ... b5 52. Kh4 c5 
53. Kxh5 b4 54. axb4?? {Po dlouhem a vycerpavajicim boji, bily dela chybu.
Mohl zakormidlovat do bezpecneho pristavu remizy: } ( 54. Kh6 c4 55. e7 
Kxe7 56. Kg7 c3 57. bxc3 bxc3 58. f6+ Kd7 59. f7 c2 60. f8=Q c1=Q = ) 
54. ... cxb4 55. Kh6 D {Pokuste se najit vyhru pro cerneho pocitanim 
presnych variant. } 55. ... a3 56. e7 ( 56. bxa3 bxa3 57. e7 Kxe7 58. Kg7 
a2 59. f6+ Ke6 60. f7 a1=Q+ -+ ) 56. ... Kxe7 57. Kg7 axb2 58. f6+ Kd7 59.
 f7 b1=Q 60. f8=Q Qg1+ {JE to velka tragedie pro bileho ze cerny mohl 
vynutit vymenu dam s nasledujicim manevrem: } ( 60. ... Qg1+ 61. Kh7 Qh2+ 
62. Kg8 Qg3+ 63. Kh7 Qh4+ 64. Kg8 Qg4+ 65. Kh7 Qh5+ 66. Kg7 Qg5+ 67. Kh8 (
67. Kh7 Qe7+ -+ ) 67. ... Qd8 -+ ) 0-1

[Event "Thessaloniki ol (Men)"]
[Site "Thessaloniki GRE"]
[Date "1984.11.25"]
[Round "7"]
[White "Andersson, Ulf"]
[Black "Cifuentes Parada, Roberto"]
[Result "1-0"]
[WhiteElo "2585"]
[BlackElo "2325"]
[EventDate "1984.11.19"]

1. Nf3 d5 2. d4 Nf6 3. c4 dxc4 4. e3 e6 5. Bxc4 a6 6. O-O c5 7. Nc3 b5 8. 
Bb3 Bb7 9. Qe2 Nbd7 10. Rd1 Qb8 11. d5 exd5 12. Nxd5 Nxd5 13. Bxd5 Bxd5 
14. Rxd5 D Nb6?! {Lepsi pokus je } ( 14. ... Be7 15. e4 Qb7! = ) 15. Rh5 (
15. Re5+ Be7 16. b3 Qb7 17. Bb2 += {bylo v partii Goormachtigh - Kishnev, 
Belgium 2002/03} ) 15. ... Be7 16. e4 O-O 17. e5 Qb7 18. e6 g6 {Toto 
oslabuje cerna pole. Obsazeni d-sloupce s 18:..Rad8 je lepsi. } 19. exf7+ 
Rxf7 20. Re5 Nc4 21. Re6 Bf6 22. Bh6! {V tomto okamziku Andersson vzal v 
uvahu nasledujici pozicni obet damy, jelikoz dalsi tahy jsou vynucene 
vzhledem k slabe posledni rade. } 22. ... Re7 23. Re1 Rae8 D {V tomto 
prikladu take je dalsi tah predem spocitan. Proc si muze bily dovolit 
udelat obet materialu? } 24. Rxf6 Rxe2 25. Rxe2 {Cerny ma materialni 
vyhodu a take moznost vytvoreni volneho pesce na damskem kridle, ale 
vyhodu bileho pozice lezi v extremne ohrozene pozici cerneho krale. Je to 
vypjata pozice, kde obe strany musi hrat velmi presne. V takove situaci 
neni mozne demonstrovat vynucenou kompenzaci, musite mit cit pro pozici. }
25. ... Rd8 26. h3 {TO vytvari vzduch pro krale. Zde ma cerny nekolik 
pokracovani, ale zadny jasny obrazek se neobjevi. Pozice je dynamicky 
vyvazena. } 26. ... Nb6 ( 26. ... Qb8 27. b3 Nb6 28. Re1 ~ ) 27. Rfe6 Nd5 
28. Ne5 Qc7 29. Bg5 Rf8 ( 29. ... Rd6 {vede k divokym komplikacim, } 30. 
Re8+ Kg7 31. Nd3 h6 ( 31. ... c4 32. Nf4 Nxf4 33. R2e7+ Qxe7 34. Rxe7+ Kf8
35. Rxh7 Nd3 36. Rc7 ~ ) 32. Be7 Rd7 33. Nxc5 Ne3 34. Bf8+ Kf7 35. Re1 
Kxe8 36. Rxe3+ Kxf8 37. Ne6+ Kf7 38. Nxc7 Rxc7 +/- ) 30. g3 c4 31. Bh6 Rc8
32. Rd2! {Partie je vysoce takticka. Bily hrozi okamzitou vyhrou pres 7. 
radu a cerny musi najit jedine tahy. } 32. ... c3 ( 32. ... Nf6 33. Rdd6 
c3 34. bxc3 Qxc3 35. Re7 +- ) 33. bxc3 Qxc3 34. Kg2! D {Pekny 
profylakticky tah. Nyni jezdec d5 visi. To nebyl pripad predtim, jelikoz. 
} ( 34. Rxd5 Qe1+ 35. Kg2 ( 35. Kh2 Qxf2+ 36. Kh1 Qf1+ 37. Kh2 Rc2+ -+ ) 
35. ... Qe4+ {ztraci kvalitu } ) 34. ... Nf6? {zatim se cerny branil 
dobre, ale nyni podleha tlaku. } ( 34. ... Qb4 {jediny tah dovolujici 
pokracovat v bitve. } 35. Ng4! ( 35. Rxd5 Qe4+ 36. Kg1 Qxd5 37. Re7 Rc1+! 
38. Bxc1 Qd1+ 39. Kg2 -+ ) 35. ... Kf7 36. Ree2 +/- {Obrana je extremne 
tezka pro cerneho. } ) 35. Re7 {jenom velke materialni ztraty zabrani 
matu. } 35. ... Ne8 ( 35. ... Nh5 36. g4 +- ) 36. Rdd7 Qc2 D 37. Rxe8+ ( 
37. Rxe8+! Rxe8 38. Rg7+ Kh8 ( 38. ... Kf8 39. Nd7# ) 39. Nf7# ) 1-0